Adversaires du Bayern Munich en Finales de la Ligue des Champions - Statistiques

Statistiques générales
  • Ce quiz a été pris 163 fois
  • Le résultat moyen est 5 sur 11
Answers on the Grid
Answers color-coded by a green-red scale on the quiz's grid according to % correct below.
Atlético de Madrid
Leeds United
AS Saint-Etienne
Aston Villa
FC Porto
Manchester United
Valence CF
Inter Milan
Chelsea
Borussia Dortmund
Paris SG
Juventus Turin
AC Milan
Liverpool
Olympique de Marseille
Manchester City
Ajax Amsterdam
Cetlic Glasgow
PSV Eindhoven
Malmö FF
Sparta Prague
Etoile Rouge Belgrade
Dynamo Kiev
AS Monaco
Arsenal
 
Statistiques - réponses
Réponse % Correct
2020 Paris SG
92%
2013 Borussia Dortmund
79%
2012 Chelsea
56%
2010 Inter Milan
54%
1976 AS Saint-Etienne
36%
2001 Valence CF
33%
1987 FC Porto
23%
1999 Manchester United
23%
1974 Atlético de Madrid
21%
1975 Leeds United
21%
1982 Aston Villa
13%
Aucun quiz correspondant
Distribution des résultats
% des personnes avec chaque résultat
Percentile par nombre de réponses
Votre historique - résultats
Vous n’avez pas pris ce quiz